LEADER 02233oam 2200649M 450 001 9910716180403321 005 20200213070906.6 035 $a(CKB)5470000002518308 035 $a(OCoLC)1065597166 035 $a(OCoLC)995470000002518308 035 $a(EXLCZ)995470000002518308 100 $a20071213d1926 ua 0 101 0 $aeng 135 $aurcn||||||||| 181 $ctxt$2rdacontent 182 $cc$2rdamedia 183 $acr$2rdacarrier 200 10$aForeign-trade zones in ports of the United States. March 20 (calendar day, March 22), 1926. -- Ordered to be printed 210 1$a[Washington, D.C.] :$c[U.S. Government Printing Office],$d1926. 215 $a1 online resource (62 pages) $ctables 225 1 $aSenate report / 69th Congress, 1st session. Senate ;$vno. 437 225 1 $a[United States congressional serial set ] ;$v[serial no. 8524] 300 $aBatch processed record: Metadata reviewed, not verified. Some fields updated by batch processes. 300 $aFDLP item number not assigned. 517 $aForeign-trade zones in ports of the United States. March 20 606 $aBonded warehouses and goods 606 $aCustoms administration 606 $aBonds 606 $aDrawbacks 606 $aExports 606 $aForeign trade promotion 606 $aForeign trade and employment 606 $aFree ports and zones 606 $aPorts of entry 606 $aTariff 608 $aLegislative materials.$2lcgft 615 0$aBonded warehouses and goods. 615 0$aCustoms administration. 615 0$aBonds. 615 0$aDrawbacks. 615 0$aExports. 615 0$aForeign trade promotion. 615 0$aForeign trade and employment. 615 0$aFree ports and zones. 615 0$aPorts of entry. 615 0$aTariff. 701 $aJones$b Wesley Livsey$f1863-1932$pRepublican (WA)$01389549 801 0$bWYU 801 1$bWYU 801 2$bOCLCO 801 2$bOCLCQ 801 2$bOCLCO 801 2$bOCLCQ 906 $aBOOK 912 $a9910716180403321 996 $aForeign-trade zones in ports of the United States. March 20 (calendar day, March 22), 1926. -- Ordered to be printed$93502395 997 $aUNINA